Normal view
MARC view
Entry Topical Term
001 - CONTROL NUMBER
- control field: 16948
003 - CONTROL NUMBER IDENTIFIER
- control field: OSt
005 - DATE AND TIME OF LATEST TRANSACTION
- control field: 20260602104617.0
008 - FIXED-LENGTH DATA ELEMENTS
- fixed length control field: 260602|| aca||aabn | a|a d
040 ## - CATALOGING SOURCE
- Original cataloging agency: OSt
- Transcribing agency: OSt
150 ## - HEADING--TOPICAL TERM
- Topical term or geographic name entry element: Mulberry culture
670 ## - SOURCE DATA FOUND
- Source citation: Work cat.: (OSt)6213: Gestupa, Joy S., author. 16339, Sericulture in Bantayan, Kabankalan, Negros Occidental / , 2004.
